[Event "EU-ch 12th"]
[Site "Aix les Bains"]
[Date "2011.03.22"]
[Round "1"]
[White "Jakovenko, Dmitrij"]
[Black "Smirnov, Artem"]
[Result "0-1"]
[WhiteElo "2718"]
[BlackElo "2425"]
[Annotator "ChessBase"]
[PlyCount "86"]
[EventDate "2011.03.22"]
[EventType "swiss"]
[EventRounds "11"]
[EventCountry "FRA"]
[SourceTitle "CBM 142 Extra"]
[Source "ChessBase"]
[SourceDate "2011.06.27"]
[SourceVersion "1"]
[SourceVersionDate "2011.06.27"]
[SourceQuality "1"]
[TimeControl "40/5400+30:1800+30"]

1. d4 Nf6 2. c4 e6 3. Nc3 Bb4 4. Qc2 O-O 5. a3 Bxc3+ 6. Qxc3 Ne4 {[%cal Ge4c3]}
(6... b6) 7. Qc2 f5 8. Nf3 (8. Nh3) (8. e3) (8. g3) 8... b6 9. g3 Bb7 10. Bg2
Nf6 11. O-O Be4 {[%csl Ge4][%cal Ge4c2]} 12. Qc3 Qe8 13. b3 d6 14. Bb2 Nbd7 15.
Rfd1 Qh5 16. Qd2 Rae8 17. Rac1 h6 18. b4 {Although this is a Classical
Nimzo-Indian by definition, in many ways it is also the dream of any Dutch
player with control over the e4 square by the bishop no less, and every piece
aimed at the enemy king.} g5 $1 19. a4 Ng4 20. h3 Ngf6 21. c5 Nd5 22. cxd6 cxd6
{White is already in big trouble, and it is not clear he can objectively
defend this against best play. Still, as seen by Navara against Colin: never
say never!} 23. Bf1 N7f6 24. Nh2 g4 $1 25. e3 ({A casual looker might ask why
not try and lock up the kingside with} 25. h4 $2 {but it doesn't work, and
Black would just bludgeon through with} f4 26. Re1 fxg3 27. fxg3 Qg6 {followed
by} 28. Z0 Nh5 {and Nxg3.}) 25... gxh3 26. b5 Ng4 27. Qe2 Bg2 $2 {A mistake
that might have let Jakovenko back into the game.} ({The correct follow-up was
} 27... Qg6 28. Bxh3 Ngxe3 $1 29. fxe3 Qxg3+ 30. Bg2 Nxe3 31. Rd2 Qxg2+ 32.
Qxg2+ Nxg2 33. Rxg2+ Bxg2 34. Kxg2 Rc8 {and the rook and three pawns for the
two pieces easily decides it.}) 28. Ba3 Rd8 29. Rc6 Rf7 30. Rdc1 Bxf1 31. Rxf1
Rfd7 32. e4 Ndf6 33. d5 $2 {Dmitry was clearly rattled after finding himself
facing certain death, and is unable to recover his equanamity.} exd5 34. exf5
Qxf5 35. Bb2 Re8 36. Qc2 Qe4 37. Qxe4 dxe4 38. f3 exf3 39. Bxf6 f2+ 40. Kh1
Nxf6 41. Rxf2 Ne4 42. Rfc2 Nxg3+ 43. Kg1 Ne2+ (43... Ne2+ 44. Kh1 (44. Kf2 Rf7+
45. Ke1 Nd4+) 44... Rg7 {threatening Rg1 mate.} 45. Nf3 Rg2 $1 {and the threat
of Ng3 mate ends all resistance.}) 0-1

[Event "Haninge"]
[Site "Haninge"]
[Date "1989.??.??"]
[Round "?"]
[White "Sokolov, Ivan"]
[Black "Wilder, Michael"]
[Result "1-0"]
[WhiteElo "2580"]
[BlackElo "2540"]
[Annotator "ChessBase"]
[PlyCount "91"]
[EventDate "1989.??.??"]
[EventType "tourn"]
[EventRounds "11"]
[EventCountry "SWE"]
[EventCategory "13"]
[SourceTitle "CBM 013"]
[Source "ChessBase"]
[SourceDate "1989.12.01"]
[SourceVersion "1"]
[SourceVersionDate "1989.12.01"]
[SourceQuality "1"]

1. d4 Nf6 2. c4 e6 3. Nc3 Bb4 4. Qc2 O-O 5. a3 Bxc3+ 6. Qxc3 d6 {Playing for
an early e5. The system with 6....b6 has run into problems lately. White
players have changed over to plans involving Bg5 instead of b4 and Bb2.} 7. Bg5
Nbd7 8. e3 h6 9. Bh4 Re8 10. Bd3 e5 11. Ne2 exd4 {The question here is: Should
Black exchange e5 for e3? White seems better equipped to take advantage of an
open position.} 12. exd4 Nf8 13. Qc2 Bg4 {Speelmans P-sac 13...Ng6 hardly
solves Blacks problems.} 14. f3 Bh5 15. O-O Bg6 16. Nc3 Bxd3 17. Qxd3 Ng6 18.
Bxf6 Qxf6 19. f4 $1 {Suddenly the f-P cannot be stopped.} c6 (19... Nxf4 20.
Qd2 g5 21. g3 Nh3+ 22. Kg2 Qe6 23. Nd5 $18) 20. f5 Nf8 21. Ne4 Qd8 (21... Qe7
22. Rae1 f6 (22... d5 23. f6 dxe4 24. Qg3 $18) 23. Qg3 Red8 (23... Rad8 $2 24.
Nxd6 $1 $18) 24. Nc5 Qf7 25. Ne6 $16) 22. f6 d5 23. Qg3 Ng6 24. Nd6 Re6 25.
Nxb7 Qb6 26. Nc5 Rxf6 27. Rxf6 gxf6 28. Qf2 dxc4 (28... Kg7 29. Rf1 Qd8 30.
cxd5 cxd5 $16) 29. Nd7 Qd8 30. Nxf6+ Kh8 31. Rf1 Rb8 32. Qd2 $1 Kg7 33. Nh5+
Kg8 34. Qxh6 Qxd4+ 35. Kh1 Re8 (35... Rxb2 36. h3 $18) 36. Qg5 (36. Nf6+ $4
Qxf6 37. Rxf6 Re1+ $19) 36... Re6 37. Qf5 Re7 38. h3 {Now that his K is safe
White is free to conclude the attack.} Qd8 39. Qf6 Qf8 40. Qc3 Ne5 41. Nf6+ Kh8
42. Re1 Qd8 43. Ng4 f6 44. Nxf6 Nd3 45. Rf1 Ne5 46. Qg3 1-0

[Event "Jakarta"]
[Site "Jakarta"]
[Date "1996.??.??"]
[Round "?"]
[White "Adianto, Utut"]
[Black "Situru, Nathanael"]
[Result "1-0"]
[WhiteElo "2605"]
[BlackElo "2385"]
[Annotator "ChessBase"]
[PlyCount "53"]
[EventDate "1996.08.28"]
[EventType "tourn"]
[EventRounds "11"]
[EventCountry "INA"]
[EventCategory "10"]
[SourceTitle "CBM 057"]
[Source "ChessBase"]
[SourceDate "1997.04.01"]
[SourceVersion "1"]
[SourceVersionDate "1997.04.01"]
[SourceQuality "1"]

1. d4 Nf6 2. c4 e6 3. Nc3 Bb4 4. Qc2 b6 5. e4 Bb7 6. Bd3 c5 7. d5 exd5 8. cxd5
O-O 9. Nge2 d6 10. O-O Ng4 11. a3 Ba5 12. Ng3 a6 13. Be2 Bc8 14. h3 Nf6 15. Bg5
h6 16. Bd2 Re8 17. f4 Nbd7 18. Rae1 b5 19. Bf3 Bb6 20. Kh1 c4 21. Nf5 Nc5 22.
Nxd6 Qxd6 23. e5 Qd8 24. exf6 gxf6 25. Rxe8+ Qxe8 26. d6 Ra7 27. Nd5 (27. Nd5
Qd8 (27... Nd7 28. Re1 Qd8 29. Ne7+ Kg7 30. Nc6 $18) 28. Nxb6 Qxb6 29. Be3 Qxd6
30. b4 $1) 1-0

[Event "NED-ch53"]
[Site "Rotterdam"]
[Date "1998.06.24"]
[Round "4"]
[White "Sokolov, Ivan"]
[Black "Timman, Jan H"]
[Result "1/2-1/2"]
[WhiteElo "2625"]
[BlackElo "2635"]
[Annotator "ChessBase"]
[PlyCount "66"]
[EventDate "1998.06.21"]
[EventType "tourn"]
[EventRounds "11"]
[EventCountry "NED"]
[EventCategory "12"]
[SourceTitle "CBM 066"]
[Source "ChessBase"]
[SourceDate "1998.09.30"]
[SourceVersion "1"]
[SourceVersionDate "1998.09.30"]
[SourceQuality "1"]

1. d4 Nf6 2. c4 e6 3. Nc3 Bb4 4. Qc2 O-O 5. a3 Bxc3+ 6. Qxc3 b6 7. Bg5 Bb7 8.
Nf3 d6 9. Nd2 Nbd7 (9... h6 $5 10. Bh4 Nbd7 11. f3 d5 12. cxd5 exd5 13. e3 Re8
14. Bf2 c5 15. Bb5 a6 16. Bd3 cxd4 17. Qxd4 Nc5 $11 18. O-O Nxd3 19. Qxd3 Nd7
20. Qd4 Qe7 21. Rac1 Rac8 22. Rfd1 Qe6 23. Nf1 Qe5 24. Qxe5 Nxe5 25. b3 Rxc1
26. Rxc1 Rc8 27. Rxc8+ Bxc8 28. Ng3 Be6 29. Ne2 Nc6 30. Nd4 {1/2-1/2 Lerner,
K-Almasi,Z/Vienna op 1996}) 10. f3 d5 (10... c5 $5 11. e4 cxd4 $5 12. Qxd4 Qc7
13. Be2 d5 14. exd5 exd5 15. O-O Rac8 16. Rfe1 Rfe8) (10... h6 11. Bh4 c5 $5 (
11... e5 $5) (11... d5 $5) 12. e4 cxd4 13. Qxd4 Qc7 14. Be2 Rac8 15. O-O Qc5
16. Bf2 Qxd4 17. Bxd4 Rc7 18. b4 Rfc8 19. Rfd1 $14 {1-0 Kasparov,G-Psakhis,L/
Informal Game g/5, ICC 1998 (48)}) 11. e3 Re8 (11... c5 $5 12. dxc5 bxc5 (12...
Nxc5 $2 13. cxd5 Bxd5 14. e4 Bb7 15. e5 h6 16. exf6 hxg5 17. fxg7 Re8 18. Bb5
Rc8 19. Rd1 $16) 13. Bd3 Qb6 (13... h6 $5 14. Bh4 Qb6 15. Bf2 a5 16. b3) 14.
O-O $14 {1/2-1/2 Kramnik,V-Anand,V/Linares 1998 (33)}) (11... Rc8 $143 $146 12.
cxd5 exd5 13. Bd3 h6 14. Bh4 Qe7 15. Bf5 Rce8 16. Bxd7 Qxd7 17. Bxf6 gxf6 18.
Kf2 Re7 19. Nf1 $14 {1-0 Van Wely,L-Timman,J/Breda m(5) 1998 (38)}) 12. Bd3 {
/\0-0} (12. Be2 h6 13. Bh4 Ne4 $1 14. Bxd8 Nxc3 15. Bxc7 Nxe2) (12. c5 c6 {
/\ e6-e5}) 12... h6 13. Bh4 c5 $1 $146 (13... e5 $1 {+/=/=} 14. O-O (14. dxe5
$143 Nxe5 15. Be2 Ne4 $1 $36 {[%csl Rc3,Rh4][%cal Ge4c3,Gd8h4]}) 14... exd4 (
14... c5 $5 15. Rfe1 $5) 15. exd4 dxc4 (15... c5 $5 16. Rae1 Qc7 17. Bg3 cxd4
18. Qxd4 Qc5 $11) 16. Nxc4 {[%csl Re5][%cal Gc4e5]} Nf8 $5 {[%cal Gf8e6]} 17.
Ne5 Ne6 $5 {><d4;/\Nd5} 18. Bc4 $5 {1/2-1/2 Van Wely,L-Timman,J/Breda m  1998/
CBM 65/[Golod,V] (31)}) 14. dxc5 $6 (14. O-O) 14... Nxc5 15. Be2 e5 $5 (15...
Nfe4 16. Bxd8 Nxc3 17. Bxb6 $1) 16. cxd5 g5 17. Bf2 Nxd5 18. Qc2 Rc8 19. b4 (
19. O-O e4 $1) 19... Ne6 20. Qb2 e4 $1 21. Nxe4 (21. fxe4 Nc3) (21. O-O) 21...
f5 22. Ng3 (22. Nd2 Nef4 $1) (22. Rd1 fxe4 (22... Qe7 $140 23. Rxd5 $1 Bxd5 24.
Nf6+) 23. fxe4 Qf6 $1 $19) 22... f4 23. exf4 $2 (23. Nf5 $142 $5 fxe3 24. Bg3
Nc3 25. Nd6 $16) 23... Nexf4 24. O-O Nc3 25. Rae1 (25. Rfe1 Ncxe2+ 26. Nxe2 Nd3
27. Qb3+ Qd5 28. Qxd5+ Bxd5 29. Red1 Nxf2 $1 30. Kxf2 Rc2 31. Rxd5 Rexe2+ $40)
25... Qd5 $1 26. Ne4 (26. Z0 Nxg2 27. Kxg2 Rxe2 $19 {[%csl Rf3]}) 26... Nxe4 $6
$138 (26... Rxe4 $142 $5 27. fxe4 Qxe4 28. Bf3 Nh3+ 29. Kh1 Qxf3 30. Bxb6 (30.
Bd4 $2 Qd3 31. Bxc3 Rxc3 32. Re8+ Kg7 33. Rc1 Bxg2+ $1 $19) 30... Qd3 $15) (
26... Nfxe2+ $142 27. Rxe2 Nxe2+ 28. Qxe2 Qe6 $15) 27. fxe4 Qxe4 28. Qb3+ $1
Bd5 29. Bf3 Qxf3 30. Qxf3 Bxf3 31. gxf3 Re2 $4 (31... Ne2+ $142 $1 32. Kg2 Rc3
$17) 32. Bg3 Ra2 33. Bxf4 gxf4 (33... gxf4 34. Rf2 Rxa3 35. Re4 $11) 1/2-1/2

[Event "Politiken Cup 19th"]
[Site "Copenhagen"]
[Date "1997.07.08"]
[Round "4"]
[White "Schandorff, Lars"]
[Black "El Kher, Henrik"]
[Result "1-0"]
[WhiteElo "2505"]
[BlackElo "2305"]
[Annotator "ChessBase"]
[PlyCount "81"]
[EventDate "1997.07.??"]
[EventType "swiss"]
[EventRounds "11"]
[EventCountry "DEN"]
[SourceTitle "EXT 2000"]
[Source "ChessBase"]
[SourceDate "1999.11.16"]
[SourceVersion "1"]
[SourceVersionDate "1999.11.16"]
[SourceQuality "1"]

1. d4 Nf6 2. c4 e6 3. Nc3 Bb4 4. Qc2 O-O 5. a3 Bxc3+ 6. Qxc3 b6 7. Bg5 d6 8. f3
c5 9. dxc5 bxc5 10. O-O-O Nc6 11. Bxf6 gxf6 12. e3 Qe7 13. Ne2 Rb8 14. Nf4 Rb6
15. Bd3 Ne5 16. Nh5 f5 17. Bc2 f6 18. f4 Nd7 19. Rhg1 Qf7 20. g4 Kh8 21. h3 Bb7
22. Ng3 Ba8 23. Rd2 Rfb8 24. Ba4 Bc6 25. Bd1 d5 26. gxf5 d4 27. exd4 cxd4 28.
Qxd4 e5 29. fxe5 Nxe5 30. Be2 R6b7 31. Qf4 Qf8 32. Qe3 Rb3 33. Qxa7 R8b7 $4 (
33... Qh6 $5) (33... Ra8 $5) 34. Qa5 Rd7 35. Rxd7 Bxd7 36. Ne4 Nc6 37. Qc5 Qf7
38. Qd6 Rxh3 39. Qxf6+ Qxf6 40. Nxf6 Bxf5 41. Rg8# 1-0

[Event "OHRA-A"]
[Site "Amsterdam"]
[Date "1989.??.??"]
[Round "?"]
[White "Beliavsky, Alexander G"]
[Black "Van der Wiel, John"]
[Result "1-0"]
[WhiteElo "2620"]
[BlackElo "2545"]
[Annotator "ChessBase"]
[PlyCount "49"]
[EventDate "1989.07.??"]
[EventType "tourn"]
[EventRounds "10"]
[EventCountry "NED"]
[EventCategory "14"]
[SourceTitle "CBM 014"]
[Source "ChessBase"]
[SourceDate "1990.02.01"]
[SourceVersion "1"]
[SourceVersionDate "1990.02.01"]
[SourceQuality "1"]

1. d4 Nf6 2. c4 e6 3. Nc3 Bb4 4. Qc2 O-O 5. a3 Bxc3+ 6. Qxc3 d6 7. Bg5 Nbd7 8.
Nf3 h6 9. Bh4 g5 $6 10. Bg3 Ne4 $6 11. Qc2 f5 12. e3 Ndf6 13. Bd3 h5 $2 {
>= 13...b6} 14. h4 $1 Nxg3 15. fxg3 g4 16. Ng5 $1 Nh7 17. Nxh7 Kxh7 18. O-O $16
Qf6 19. d5 $1 Kg7 20. e4 $1 Bd7 21. dxe6 Qd4+ (21... Bxe6 22. exf5 $18) 22. Kh2
fxe4 23. Qd2 $1 Qc5 24. Bxe4 Bxe6 25. Bd5 {/\ 26.Qg5+} 1-0

[Event "Interzonal-14c"]
[Site "Zagreb"]
[Date "1987.??.??"]
[Round "9"]
[White "Nogueiras Santiago, Jesus"]
[Black "Eingorn, Vereslav S"]
[Result "1/2-1/2"]
[WhiteElo "2555"]
[BlackElo "2575"]
[Annotator "ChessBase"]
[PlyCount "86"]
[EventDate "1987.08.01"]
[EventType "tourn"]
[EventRounds "17"]
[EventCountry "YUG"]
[EventCategory "12"]
[SourceTitle "CBM 004"]
[Source "ChessBase"]
[SourceDate "1988.06.01"]
[SourceVersion "1"]
[SourceVersionDate "1988.06.01"]
[SourceQuality "1"]

1. d4 e6 2. c4 Nf6 3. Nc3 Bb4 4. Qc2 O-O 5. a3 Bxc3+ 6. Qxc3 b6 7. Nf3 Bb7 8.
b4 d6 9. Bb2 Nbd7 10. e3 a5 11. Be2 Ne4 12. Qb3 f5 $5 (12... axb4) 13. O-O Ndf6
14. Rad1 Qd7 15. b5 g5 16. Nd2 Nxd2 17. Rxd2 g4 18. d5 e5 19. f3 $5 Rae8 20.
Bd3 Bc8 21. f4 (21. Rdf2 $142 $5 {Nogueiras,J}) 21... e4 22. Bc2 $10 Bb7 23.
Qc3 Ra8 24. g3 Qf7 25. h3 Qg6 26. Rh2 h5 27. hxg4 fxg4 28. Kg2 Rae8 29. Rfh1
Re7 30. Qd2 Rh7 31. Bxf6 Rxf6 32. Qd4 Bc8 33. Kg1 Bf5 34. Rxh5 Rxh5 35. Rxh5
Qxh5 36. Qxf6 Qf7 37. Qd8+ Kh7 38. Kf2 Qg7 39. Ke2 Qc3 40. Kd1 Qxe3 41. Qe7+
Kg8 42. Qg5+ Kh8 43. Qxf5 Qd4+ 1/2-1/2

[Event "Amsterdam Euwe Memorial"]
[Site "Amsterdam"]
[Date "1989.??.??"]
[Round "1"]
[White "Hjartarson, Johann"]
[Black "Salov, Valery"]
[Result "0-1"]
[WhiteElo "2615"]
[BlackElo "2630"]
[Annotator "ChessBase"]
[PlyCount "74"]
[EventDate "1989.03.??"]
[EventType "tourn"]
[EventRounds "6"]
[EventCountry "NED"]
[EventCategory "16"]
[SourceTitle "CBM 012"]
[Source "ChessBase"]
[SourceDate "1989.10.01"]
[SourceVersion "1"]
[SourceVersionDate "1989.10.01"]
[SourceQuality "1"]

1. d4 Nf6 2. c4 e6 3. Nc3 Bb4 4. Qc2 O-O 5. a3 Bxc3+ 6. Qxc3 b6 (6... d6 7. f3
$6 (7. Bg5 $5 Nbd7 8. e3 Re8 9. Bd3 e5 10. Ne2 h6 11. Bh4 exd4 12. exd4 Nf8 13.
Qc2 $16 {Salv,V-Speelman,J/Barcelona WCup/1989/1-0/37/ -> CBM 12}) 7... d5 $1
8. Bg5 Nbd7 9. e3 Re8 10. Nh3 h6 11. Bh4 c6 12. cxd5 exd5 13. Bf2 c5 $1 $15 {
Kasparov,G-Sax,G/Reykjavik WCup/1988/1-0/38/ -> CBM 10/S.84}) 7. Bg5 Bb7 (7...
c5 {Schwarz spart ...Bb7, aber Weiss kommt ohne f2-f3 aus.} 8. dxc5 bxc5 9. e3
Nc6 10. Bd3 {10.Nf3 (!)} Rb8 {10...Qa5 (!)} 11. Nf3 {11.0-0-0 (!)} h6 12. Bh4
d6 13. O-O Qe7 14. Rfd1 $14 {Seirawan,Y-Hjartarson,J/Barcelona WCup/1989/1-0/
38/ -> CBM 12}) 8. f3 $5 (8. e3 d6 9. f3 $5 Nbd7 10. Bd3 h6 11. Bh4 c5 12. Ne2
Rc8 {Pekarek,A-Hansen,C/Prague Bohemians/1989/0-1/24/ -> CBM 12}) 8... c5 (8...
d6 9. e4 c5 10. d5 Nbd7 11. Nh3 exd5 (11... h6 12. Bf4 exd5 13. cxd5 Qe7 14.
O-O-O {N} a6 15. g4 Nh7 16. Nf2 b5 17. h4 {Hjartarson,J-Salov,V/Barcelona WCup/
1989/1-0/39/ -> CBM 12}) 12. cxd5 a6 13. Bd3 h6 14. Bf4 Qe7 15. O-O {Kasparov,
G-Hjartarson,J/reykjavik WCup/1988/1-0/56/ -> CBM10/S.83}) (8... h6 9. Bh4 d5
10. e3 (10. cxd5 exd5 11. Bxf6 Qxf6 12. Qxc7 Ba6 13. Qe5 {Oll,L-Goldin,A/
URS-FL Klaipeda/1988/1-0/ -> CBM 11}) 10... Nbd7 11. cxd5 (11. Bd3 Rc8 12. cxd5
Nxd5 13. Bxd8 Nxc3 14. Be7 Rfe8 {Olafsson,H-Polugaevsky,L/New York op/989/1/
2-1/2/23/ -> CBM 12}) 11... Nxd5 12. Bxd8 Nxc3 {Gurevich,M-Polugaevsky,L/New
York op/1989/1/2-1/2/20/ -> CBM 12}) 9. dxc5 bxc5 10. e3 Nc6 (10... Qe7 11. Nh3
h6 12. Bh4 a5 13. Be2 Re8 14. O-O Nc6 15. Rfd1 Rad8 16. Rac1 $14 {Chernin,
A-Suba,M/New York op/1989/1-0/98/ -> CBM 12}) 11. Nh3 h6 12. Bh4 Rc8 $5 13.
O-O-O $1 d5 $5 (13... g5 14. Be1 d5 15. Nf2 {/\ h2-h4}) 14. Bxf6 gxf6 15. cxd5
exd5 16. Kb1 (16. Nf4 $1 d4 17. Qe1 $16) 16... Qd6 17. Nf4 d4 18. Qe1 Qe5 19.
Qg3+ Qg5 20. Nd5 $5 (20. exd4 cxd4 21. Nh3 $5 {Salov}) 20... Kg7 21. e4 Rfd8
22. Qf2 $2 {>= 22.Qe1! /\ 23.f4} Qe5 $1 23. Bd3 f5 $1 24. f4 $6 Qe6 25. exf5 (
25. Qg3+ $5 Qg6 26. exf5 Qxg3 27. f6+ Kf8 28. hxg3 Rxd5 29. Rxh6 Ke8 30. Be4)
25... Qxd5 26. Qg3+ Kf8 27. f6 Rd6 28. Qg7+ Ke8 29. Rhe1+ (29. Bg6 $2 Kd8 30.
Bxf7 Qf5+) 29... Kd8 30. Be4 Qb3 31. Bc2 Qd5 32. Be4 Qe6 $1 33. Bxc6 Qf5+ 34.
Ka1 Bxc6 35. Re7 Rd7 36. Re5 Qc2 37. Re8+ Kc7 0-1

[Event "New York op"]
[Site "New York"]
[Date "1989.??.??"]
[Round "8"]
[White "Gurevich, Mikhail"]
[Black "Polugaevsky, Lev"]
[Result "1/2-1/2"]
[WhiteElo "2590"]
[BlackElo "2575"]
[Annotator "ChessBase"]
[PlyCount "39"]
[EventDate "1989.03.??"]
[EventType "swiss"]
[EventRounds "9"]
[EventCountry "USA"]
[SourceTitle "CBM 012"]
[Source "ChessBase"]
[SourceDate "1989.10.01"]
[SourceVersion "1"]
[SourceVersionDate "1989.10.01"]
[SourceQuality "1"]

1. d4 Nf6 2. c4 e6 3. Nc3 Bb4 4. Qc2 O-O 5. a3 Bxc3+ 6. Qxc3 b6 7. Bg5 Bb7 8.
f3 $5 h6 $5 9. Bh4 d5 10. e3 Nbd7 11. cxd5 (11. Nh3 c5 12. cxd5 exd5 13. Bb5
Ne4 {Shabalov,A-Ulibin,M/URS-YM Tbilisi/1989/1/2-1/2/42/ ->}) (11. Bd3 Rc8 12.
cxd5 Nxd5 13. Bxd8 Nxc3 {Olafsson,H-polugaevsky,L/New York op (4)/1989/1/2-1/2/
23/ ->}) 11... Nxd5 $5 12. Bxd8 Nxc3 13. Bh4 Nd5 14. Bf2 c5 15. e4 Ne7 16. Bb5
Nc6 17. Ne2 Rfc8 18. O-O cxd4 19. Nxd4 Nc5 20. Nxc6 1/2-1/2

[Event "Khanty-Mansiysk FIDE GP (Women)"]
[Site "Khanty-Mansiysk"]
[Date "2014.04.09"]
[Round "1"]
[White "Girya, Olga"]
[Black "Dzagnidze, Nana"]
[Result "1-0"]
[WhiteElo "2450"]
[BlackElo "2550"]
[Annotator "ChessBase Website"]
[PlyCount "97"]
[EventDate "2014.04.09"]
[EventType "tourn"]
[EventRounds "11"]
[EventCountry "RUS"]
[EventCategory "10"]
[SourceTitle "CBM 160"]
[Source "ChessBase"]
[SourceDate "2014.05.15"]
[SourceVersion "1"]
[SourceVersionDate "2014.05.15"]
[SourceQuality "1"]
[TimeControl "40/5400+30:1800+30"]
[WhiteClock "1:30:00"]
[BlackClock "1:30:00"]

1. d4 {[%emt 0:00:00]} Nf6 {[%emt 0:00:00]} 2. c4 {[%emt 0:00:00]} e6 {[%emt 0:
00:00]} 3. Nc3 {[%emt 0:00:00]} Bb4 {[%emt 0:00:06]} 4. Qc2 {[%emt 0:00:03]}
O-O {[%emt 0:01:11]} 5. a3 {[%emt 0:00:44]} Bxc3+ {[%emt 0:00:06]} 6. Qxc3 {
[%emt 0:00:03]} b6 {[%emt 0:02:07]} 7. Bg5 {[%emt 0:00:58]} Bb7 {[%emt 0:01:44]
} 8. e3 {[%emt 0:00:34]} d6 {[%emt 0:00:30]} 9. Ne2 {[%emt 0:00:50]} Nbd7 {
[%emt 0:00:39]} 10. Qd3 {[%emt 0:01:16]} (10. Qc2 c5 11. Rd1 Qe7 12. dxc5 bxc5
13. Nc3 Rfd8 14. f3 Ne5 15. Be2 d5 16. O-O h6 17. Bh4 Nxc4 18. Bxc4 dxc4 19.
Qa4 g5 20. Bf2 Nd7 21. Bg3 Nb6 22. Qc2 Nd5 23. Rfe1 Nxc3 24. Qxc3 Rxd1 25. Rxd1
Rd8 26. Rxd8+ Qxd8 27. h3 h5 28. Qxc4 Qd5 29. Qxd5 Bxd5 30. e4 Bc6 31. Bf2 f5
32. exf5 exf5 33. Bxc5 a5 34. b3 Bd5 35. b4 axb4 36. axb4 Bc6 37. h4 g4 38. Kf2
gxf3 39. gxf3 Kf7 {Dreev,A (2670)-Alekseev,E (2678) Loo 2014 1/2-1/2}) 10...
Re8 {[%emt 0:08:58]} 11. Nc3 {[%emt 0:01:53]} Nf8 {[%emt 0:01:57]} 12. Qc2 $146
{[%emt 0:15:43]} (12. f3 Ng6 13. e4 h6 14. Be3 Qe7 15. Qd2 c5 16. d5 Ba6 17.
Rd1 exd5 18. cxd5 Bxf1 19. Rxf1 Qe5 20. Kf2 Qxh2 21. Rh1 Qe5 22. Ne2 Nxe4+ 23.
fxe4 Qxe4 24. Ng3 Qg4 25. Qe2 Ne5 26. Rhe1 Qg6 27. Qd2 c4 28. Bf4 Nd3+ 29. Kg1
Nxe1 30. Rxe1 h5 31. Nf1 Rxe1 32. Qxe1 Qd3 33. Qg3 Qxd5 34. Ne3 Qe4 35. Bxd6
Re8 36. Bf4 Re6 37. Qg5 f6 38. Qf5 Qxf5 39. Nxf5 Re1+ 40. Kh2 {0-1 (40) Levin,
E (2512)-Alekseev,E (2714) Yekaterinburg 2013}) 12... h6 {[%emt 0:17:34]} 13.
Bxf6 {[%emt 0:05:40]} Qxf6 {[%emt 0:04:16]} 14. Bd3 {[%emt 0:03:12]} Bxg2 {
[%emt 0:04:27] A very complex game. Girya's pawns sacrifice might not have
been totally justified but it certainly put pressure on Black's position. Once
White safeguarded her own king it was only a matter of time until Black's king
could not resist the pressure any longer.} 15. Rg1 $44 {[%emt 0:00:04][%csl
Rg7,Rg8]} Bf3 {[%emt 0:01:18]} 16. Rg3 {[%emt 0:00:44]} Rad8 {[%emt 0:17:25]}
17. Kd2 {[%emt 0:10:04]} Bh5 {[%emt 0:03:52]} 18. f4 {[%emt 0:17:31]} d5 {
[%emt 0:08:47]} 19. Rag1 {[%emt 0:01:49]} g6 {[%emt 0:01:20]} 20. cxd5 {
[%emt 0:12:01]} exd5 {[%emt 0:01:00]} 21. Qa4 {[%emt 0:00:17]} c5 {[%emt 0:13:
29]} 22. Nxd5 {[%emt 0:07:58]} Qh4 {[%emt 0:00:11]} 23. dxc5 {[%emt 0:10:28]}
bxc5 {[%emt 0:02:43]} 24. Qc4 {[%emt 0:05:05]} Qxh2+ {[%emt 0:05:47]} 25. R1g2
{[%emt 0:01:07]} Qh4 {[%emt 0:00:17]} 26. Kc2 {[%emt 0:02:39]} Rd6 {[%emt 0:00:
39]} 27. Qxc5 {[%emt 0:02:09]} Qd8 {[%emt 0:01:19]} 28. Bc4 {[%emt 0:00:30]}
Kh7 {[%emt 0:01:42]} 29. Rd2 {[%emt 0:00:29]} Qb8 {[%emt 0:00:32]} 30. Qd4 {
[%emt 0:00:30]} Nd7 {[%emt 0:00:23]} 31. b3 {[%emt 0:00:36]} Qd8 {[%emt 0:00:
38]} 32. Qxa7 {[%emt 0:00:18]} Rf8 {[%emt 0:00:30]} 33. e4 {[%emt 0:00:30]} Nb6
{[%emt 0:00:23]} 34. Rgd3 {[%emt 0:00:37]} Nxd5 {[%emt 0:00:24]} 35. Rxd5 {
[%emt 0:00:17]} Rxd5 {[%emt 0:00:02]} 36. Rxd5 {[%emt 0:00:24]} Qh4 {[%emt 0:
00:06]} 37. Qe3 {[%emt 0:00:29]} Qh1 {[%emt 0:00:20]} 38. Rd7 {[%emt 0:00:43]}
Kg8 {[%emt 0:01:42]} 39. Rd6 {[%emt 0:00:25]} Qg2+ {[%emt 0:00:33]} 40. Rd2 {
[%emt 0:00:00]} Qh1 {[%emt 0:00:00]} 41. Kb2 {[%emt 0:11:06]} Bf3 {[%emt 0:02:
29]} 42. e5 {[%emt 0:02:12]} Be4 {[%emt 0:01:30]} 43. e6 {[%emt 0:01:35]} Qb1+
{[%emt 0:06:10]} 44. Kc3 {[%emt 0:00:01]} Qc1+ {[%emt 0:00:15]} 45. Kb4 {
[%emt 0:09:57]} fxe6 {[%emt 0:02:45]} 46. Bxe6+ {[%emt 0:01:03]} Kh8 {[%emt 0:
00:02]} 47. Qd4+ {[%emt 0:01:03]} Kh7 {[%emt 0:00:01]} 48. Qd7+ {[%emt 0:00:29]
} Kh8 {[%emt 0:00:03]} 49. Qd6 {[%emt 0:01:02]} 1-0